ბათუმის შოთა რუსთაველის სახელმწიფო უნივერსიტეტის ბიბლიოთეკა

Contemporary challenges in teaching young children : (ბიბ.ჩანაწერი № 58424)

000 -LEADER
fixed length control field 00926cam a22002178i 4500
001 - CONTROL NUMBER
control field 21032092
005 - DATE AND TIME OF LATEST TRANSACTION
control field 20221107113919.0
008 - FIXED-LENGTH DATA ELEMENTS--GENERAL INFORMATION
fixed length control field 190624s2020 nyu b 001 0 eng
020 ## - INTERNATIONAL STANDARD BOOK NUMBER
International Standard Book Number 9781138312265x
041 ## - LANGUAGE CODE
Language code of text/sound track or separate title eng
080 ## - UNIVERSAL DECIMAL CLASSIFICATION NUMBER
Universal Decimal Classification number 372.2 C-74
245 00 - TITLE STATEMENT
Title Contemporary challenges in teaching young children :
Remainder of title meeting the needs of all students /
Statement of responsibility, etc. [edited by] Gayle Mindes.
264 #1 - PRODUCTION, PUBLICATION, DISTRIBUTION, MANUFACTURE, AND COPYRIGHT NOTICE
Place of production, publication, distribution, manufacture London :
Name of producer, publisher, distributor, manufacturer Routledge,
Date of production, publication, distribution, manufacture, or copyright notice 2020.
300 ## - PHYSICAL DESCRIPTION
Extent 248 pages :
Other physical details ill.;
Dimensions 23 cm.
653 ## - INDEX TERM--UNCONTROLLED
keyword თანამედროვე გამოწვევები მცირეწლოვან ბავშვების სწავლებაში
653 ## - INDEX TERM--UNCONTROLLED
keyword Современные проблемы в обучении детей раннего возраста
653 ## - INDEX TERM--UNCONTROLLED
keyword პედაგოგიკა
653 ## - INDEX TERM--UNCONTROLLED
keyword Педагогика
700 1# - ADDED ENTRY--PERSONAL NAME
Personal name Mindes, Gayle
Relator term რედაქტორი
9 (RLIN) 13465
942 ## - ADDED ENTRY ELEMENTS (KOHA)
Source of classification or shelving scheme
Koha item type წიგნი
ეგზემპლარები
Withdrawn status Lost status Source of classification or shelving scheme Damaged status Not for loan Permanent Location Current Location Shelving location Date acquired Cost, normal purchase price Full call number Barcode Date last seen Copy number Price effective from Koha item type Public note
          ბათუმის შოთა რუსთაველის სახელმწიფო უნივერსიტეტის მთავარი ბიბლიოთეკა ბათუმის შოთა რუსთაველის სახელმწიფო უნივერსიტეტის მთავარი ბიბლიოთეკა წიგნსაცავი 2022-01-26 84.00 372.2 C-74 62117 2022-01-26 62117 2022-01-26 წიგნი 84 ლ.